000
00323nam a2200145Ia 4500
008
191201s2008 xx 000 0 und d
082
_a
004
_b
NOI
100
_a
NORTON, Peter
245
0
_a
Introduction to Computers
250
_a
Rep.
260
_a
N.Delhi
_b
TMH
_c
2008
300
_a
609
650
_a
MCA
942
_2
ddc
_c
BK
999
_c
3662
_d
3662